00410pab a2200145 454500008004000000100001800040245008400058260000900142300001500151362000800166650001300174700002100187700002100208773003500229180718b2006 xxu||||| |||| 00| 0 eng d aFoss, Kirsten a`Tying the manager's hands': constraining opportunistic managerial intervention c2006 ap.797-818. aSep aManagers aVazquez, Xose H. aFoss, Nicolai J. aCambridge Journal of Economics